01429nam a2200349 a 4500001001200000003000800012006001900020007001500039008004100054010001700095015001500112020001500127040002100142035002100163050002400184082001200208100006100220245010700281260004400388300002400432490005100456504006400507533015200571650002200723650003100745655002900776700003000805710001700835800008400852856012600936999001701062ebr10224761CaPaEBRm u cr cn|||||||||060131s2005 enka sb 001 0 eng d z 2006540301 aGBA4-X0182 z0826458734 aCaPaEBRcCaPaEBR a(OCoLC)29059593314aPE1072b.H27 2005eb04a4202221 aHalliday, M. A. K.q(Michael Alexander Kirkwood),d1925-10aStudies in English languageh[electronic resource] /cM.A.K. Halliday ; edited by Jonathan J. Webster. aLondon ;aNew York :bContinuum,c2005. axxx, 353 p. :bill.1 aThe collected works of M.A.K. Halliday ;vv. 7 aIncludes bibliographical references (p. 338-345) and index. aElectronic reproduction.bPalo Alto, Calif. :cebrary,d2013.nAvailable via World Wide Web.nAccess may be limited to ebrary affiliated libraries. 0aEnglish language. 0aEnglish languagexGrammar. 7aElectronic books.2local1 aWebster, Jonathan,d1955-2 aebrary, Inc.1 aHalliday, M. A. K.q(Michael Alexander Kirkwood),d1925-tWorks.f2002 ;vv. 7.40uhttp://site.ebrary.com/lib/rucke/Doc?id=10224761zAn electronic book accessible through the World Wide Web; click to view c26452d26452